| 000 | 00934cab a2200265 4500 | ||
|---|---|---|---|
| 001 | WB2812-34 | ||
| 008 | 090401t1992 xxu||||| |||| 00| 0 eng d | ||
| 035 | _a(Sirsi) u60029 | ||
| 041 | _aeng | ||
| 245 | _aPPG6 should be updated | ||
| 260 | _c1992 | ||
| 350 | _a0 | ||
| 490 |
_aEstates Times _v(1134) 13 March 1992, 24(1) |
||
| 520 | _aIn a report prepared for the DoE by BDP Planning and the Oxford Institute of Retail Planning it is recommended that new guidance for large retail developments should replace PPG6. The effects of major out-of-town retail development HMSO £16.00. | ||
| 650 | _aBDP PLANNING | ||
| 650 | _aIMPACT STUDIES | ||
| 650 | _aOUT-OF-TOWN SHOPPING | ||
| 650 | _aOXFORD INSTITUTE OF RETAIL PLANNING | ||
| 650 | _aPLANNING POLICY GUIDANCE NOTE SIX | ||
| 650 | _aRETAIL DEVELOPMENT | ||
| 650 | _aSHOPPING CENTRES | ||
| 690 | _aPLANNING LAW AND PRACTICE | ||
| 942 | _n0 | ||
| 948 | _c04/03/1997 | ||
| 999 |
_c36958 _d36958 |
||